1571 1036 1806 1592 1758 1673 1047 1373 1355 1687 1141 1784 1253 1334 1357 1243 1935 1909 1925 1004 1394 1923 1193 1811 1302 1713 1775 1211 1410 1850 1057 1695 1372 1733 1104 1979 1414 1939 1197 1157 1247 1944 1366 1050 1701 1543 1993 1751 1841 1662 1220 1443 1542 1242 1131 1239 1268 1400 1338 1410 1350 1798 1190 1708 1032 1976 1009 1888 1801 1291 1528 1310 1714 1431 1160 1091 1795 1853 1439 1015 1930 1725 1410 1491 1742 1143 1313 1067 1163 1079 1340 1835 1060 1119 1247 1971 1126 1116 1308 BCNSPRNW ULIB Ver.6.0+V

เปลี่ยนเป็นภาษาไทย

Change to English
 แสดงรายละเอียดบรรณานุกรม
  กลับหน้าหลัก

Brief Record : Get Marc (ISO 2709) : E-mail record : QR code < ปิดหน้าต่าง
LEADER : 00000nam 2200000uu 4500
001    13399124907
003     ULIB
008    160429s2557||||th 000 0 tha d
020    ^a9786163488893
060  4 ^aWK102^bอ396
100 0  ^aอรินทม์ งามนิยม
245 10 ^aสารรบกวนการทำงานของระบบต่อมไร้ท่อในระบบสืบพพันธุ์ /^cอรินทม์ งามนิยม
250    ^aพิมพ์คร้งที่ 1
260    ^aกรุงเทพฯ :^bรวมสาส์น,^c2557
300    ^a245 หน้า :^bภาพประกอบ
505 0  ^aกลไกของสารรบกวนระบบต่อมไร้ท่อต่อฮอร์โมนในระบบสืบพันธุ์ ... ประเภทของสารรบกวนระบบต่อมไร้ท่อ ... การขัดขวางการทำงานของสเตอรอยด์ฮอร์โมนโดยสารรบกวนระบบต่อมไร้ท่อ ... อิทธิพลของสารรบกวนระบบต่อมไร้ท่อในมนุษย์ ... อิทธิพลของสารรบกวนระบบต่อมไร้ท่อในสัตว์มีกระดูกสันหลัง ... อิทธิพลของสารรบกวนระบบต่อมไร้ท่อในสัตว์ไม่มีกระดูกสันหลัง
650  7 ^aต่อมไร้ท่อ
650  7 ^aระบบสืบพันธุ์
945    ^p160^l0^i23536
945    ^p160^l0^i23537
999    ^aทศพร เกษรทอง
รายการนี้ยังไม่มีแท็ก
คุณยังไม่ได้ล็อกอิน คุณสามารถมีกิจกรรมร่วมกับเว็บไซต์ได้ แต่ต้องล็อกอินก่อน ::
  ล็อกอิน

รายการสื่อสารสนเทศ

ลำดับที่ ประเภท เลขเรียก/บาร์โค้ด สถานที่ สถานะ
1. วิทยาศาสตร์การแพทย์ และสุขภาพ
วิทยาศาสตร์การแพทย์ และสุขภาพ
สถานะ=หนังสือเก่า
WK102 อ396 ฉ.1 
  Barcode: 23536
ห้องสมุดวิทยาเขตนครสวรรค์
►ส่วนจัดเก็บหนังสือเก่า นว.
บนชั้น
  ขอยืม
2. วิทยาศาสตร์การแพทย์ และสุขภาพ
วิทยาศาสตร์การแพทย์ และสุขภาพ
สถานะ=หนังสือเก่า
WK102 อ396 ฉ.2 
  Barcode: 23537
ห้องสมุดวิทยาเขตนครสวรรค์
►ส่วนจัดเก็บหนังสือเก่า นว.
บนชั้น
  ขอยืม

รายการใกล้เคียง
    ผู้แต่ง [อรินทม์ งามนิยม]

    หัวเรื่อง [ต่อมไร้ท่อ]
    หัวเรื่อง [ระบบสืบพันธุ์]

BibComment


ยังไม่เคยถูกคอมเมนท์

คอมเมนท์ทรัพยากรรายการนี้
  คอมเมนท์: สารรบกวนการทำงาน..


 Copyright 2026. Bcnsprnw @Library